000 00502nam a22001817a 4500
003 NUST - PNEC
005 20170116180804.0
008 150421b xxu||||| |||| 00| 0 eng d
020 _a9789699807039
040 _cLIBRARY
082 _a891.439 YAH
100 _92823
_aYahya, Abu
245 _aQasam us waqt ki: Jb zindagi shroo hogi ka dosra hisa
_cAbu Yahya
260 _bAndaz Publishers,
300 _avarious pagings:
_c22 cm.
650 _95288
_aUrdu literature
_xGeneral
942 _2ddc
_cBK
999 _c63115
_d63115